000 00429nam a2200181Ia 4500
008 090124s9999 xx 000 0 und d
082 _b108746
100 _aफडके कमला
245 _a बंधन
250 _a1
260 _c1961
300 _a219
600 _aफडके कमला
630 _a बंधन
700 _aफडके कमला
730 _a बंधन
942 _cBOOK
999 _c154837
_d154837